Contratos de la Administracin̤ Pb︢lica

Bibliographic Details
Main Author: Cuello Duarte, Francisco
Format: eBook
Language:Spanish
Published: Bogot ̀: ECOE, 2009
Subjects:
Online Access:http://www.vlex.com/source/6843

MARC

LEADER 00000nam a22000007a 4500
005 20130125123911.0
007 cr|||| ||||
008 130125e2009 ck |||||s|||| 00||0 spa d
020 |a 9586486095 
035 |a 6843 
040 |a vLex 
090 |c 3608  |d 3608 
100 1 0 |a Cuello Duarte, Francisco 
245 1 0 |a Contratos de la Administracin̤ Pb︢lica  |h [Recurso electrn̤ico] 
256 |a Servicio en ln̕ea 
260 |a Bogot ̀:  |b ECOE,   |c 2009  
300 |a 1 Recurso electrn̤ico 
650 0 4 |a Contratos administrativos  |z Colombia 
650 0 4 |a Administracin̤ pb︢lica  |z Colombia 
740 |a vLex Libros (Servicio en ln̕ea) 
856 |a Acceso restringido  |u http://www.vlex.com/source/6843 
942 |c BOOK 
999 0 |a Public contracts